[Event "on which square would you like to be mated?"]
[Site "SchemingMind.com"]
[Date "2008.07.18"]
[Round "-"]
[White "schakert"]
[Black "fourluxflakes"]
[Result "1/2-1/2"]
[WhiteCountry "NED"]
[BlackCountry "ENG"]
[WhiteElo "1839"]
[WhiteRD "63"]
[BlackElo "1846"]
[BlackRD "75"]
[GameID "163229"]

1. e4 c5 2. Nf3 Nc6 3. d4 cxd4 4. Nxd4 Nf6 5. Nc3 e5 6. Ndb5 d6 7. Nd5 Nxd5 8. Qxd5 Be6 9. Qd1 a6 10. Nc3 b5
11. Be3 Be7 12. Nd5 O-O 13. Nxe7+ Nxe7 14. Be2 d5 15. exd5 Nxd5 16. Bc5 Re8 17. O-O Rc8 18. b4 Nc3 19. Qe1 Nxe2+ 20. Qxe2 Bc4
21. Qe4 Bxf1 22. Kxf1 Qd7 23. Qe3 Rc6 24. Qe2 Rg6 25. Rd1 Qg4 26. f3 Qc4 27. Qxc4 bxc4 28. Re1 f5 29. a4 e4 30. fxe4 Rxe4
31. Rxe4 fxe4 32. c3 Kf7 33. Kf2 Ke6 34. a5 Kd5 35. Bd4 Rg5 36. h3 g6 37. g4 Ke6 38. Ke3 h5 39. Kf4 hxg4 40. hxg4 Rb5
41. Kxe4 Rb8 42. g5 Rd8 43. Bg7 Rd1 44. Bf6 Kd6 45. Be5+ Kc6 46. Bf6 Kb5 47. Bd4 Kc6=
1/2-1/2

[Event "on which square would you like to be mated?"]
[Site "SchemingMind.com"]
[Date "2008.07.18"]
[Round "-"]
[White "WENDELL DUKES"]
[Black "fourluxflakes"]
[Result "0-1"]
[WhiteCountry "USA"]
[BlackCountry "ENG"]
[WhiteElo "1838"]
[WhiteRD "91"]
[BlackElo "1913"]
[BlackRD "72"]
[GameID "163230"]

1. e4 c5 2. Nf3 Nc6 3. d4 cxd4 4. Bc4 e6 5. Nxd4 Nf6 6. Nxc6 bxc6 7. O-O d5 8. exd5 cxd5 9. Bb3 Be7 10. Bf4 O-O
11. Nc3 Ba6 12. Re1 d4 13. Ne4 Nxe4 14. Rxe4 Bf6 15. Rb1 Bb7 16. Re1 Qb6 17. Qg4 Qc6 18. Qh3 Rfe8 19. Be5 Bxe5 20. Rxe5 Rad8
21. Rbe1 Rd6 22. Qg3 Red8 23. h3 d3 24. cxd3 Rxd3 25. R5e3 Rxe3 26. fxe3 h6 27. Re2 Qb6 28. Qf4 Bd5 29. Rd2 Bxb3 30. Rxd8+ Qxd8
31. axb3 Qd1+ 32. Kh2 Qxb3 33. Qd4 Qb6 34. b4 Qxd4 35. exd4 Kf8 36. b5 Ke7 37. Kg3 Kd6 38. Kf4 Kd5 39. Ke3 Kc4 40. Ke4 Kxb5
41. h4 a5 42. g4 Kc4 43. Ke5 a4 44. g5 hxg5 45. hxg5 a3 46. d5 exd5 47. Kd6 a2 48. Ke7 a1=Q 49. Kxf7 Qe5 50. Kg6 d4
51. Kh7 d3 52. Kg6 d2 53. Kh7 d1=Q 54. Kg8 Qe8+ 55. Kh7 Qdh5+ 56. Kxg7 Qhg6#
0-1

[Event "on which square would you like to be mated?"]
[Site "SchemingMind.com"]
[Date "2008.07.18"]
[Round "-"]
[White "flodur"]
[Black "fourluxflakes"]
[Result "1-0"]
[WhiteCountry "AUS"]
[BlackCountry "ENG"]
[WhiteElo "2122"]
[WhiteRD "83"]
[BlackElo "1922"]
[BlackRD "66"]
[GameID "163231"]

1. e4 c5 2. Nf3 Nc6 3. d4 cxd4 4. Nxd4 Nf6 5. Nc3 e5 6. Ndb5 d6 7. Bg5 a6 8. Na3 b5 9. Nd5 Be7 10. Bxf6 Bxf6
11. c3 O-O 12. Nc2 Bg5 13. a4 bxa4 14. Rxa4 a5 15. Bc4 Rb8 16. b3 Kh8 17. O-O f5 18. exf5 Bxf5 19. Nce3 Bg6 20. Re1 Rb7
21. Ra2 Rbf7 22. Bb5 Ne7 23. Nxe7 Qxe7 24. Bc4 d5 25. Qxd5 Qc7 26. Qd1 Bf4 27. Bxf7
1-0